[Event "aut_ychg10 Mattersburg"]
[Site "?"]
[Date "2007.??.??"]
[Round "1.1"]
[White "Berger, Lisa"]
[Black "Hiebler, Laura"]
[Result "1/2-1/2"]
[WhiteElo "1461"]
[BlackElo "1203"]
[PlyCount "59"]
[EventDate "2007.05.18"]

1. d4 d5 2. c4 e6 3. Nc3 Nf6 4. Nf3 Be7 5. Bf4 Nc6 6. e3 Bb4 7. c5 O-O 8. a3
Bxc3+ 9. bxc3 b6 10. Bb5 Bb7 11. O-O bxc5 12. dxc5 Ne4 13. Bd3 Nxc3 14. Qd2 Na4
15. Rac1 d4 16. Bb5 Nxc5 17. Rxc5 Qd7 18. exd4 Rfd8 19. Bg5 f6 20. Be3 Qd6 21.
Rfc1 Ne7 22. Rxc7 Bxf3 23. gxf3 Nf5 24. Bf4 Qxa3 25. R7c3 Qb4 26. Bc4 Rxd4 27.
Rb1 Qxb1+ 28. Qc1 Qxc1+ 29. Bxc1 Re8 30. Be3 1/2-1/2

[Event "aut_ychg10 Mattersburg"]
[Site "?"]
[Date "2007.??.??"]
[Round "1.2"]
[White "Hagspiel, Laura"]
[Black "Schnegg, Anna-Lena"]
[Result "0-1"]
[WhiteElo "1200"]
[BlackElo "1402"]
[PlyCount "60"]
[EventDate "2007.05.18"]

1. e4 e5 2. Nc3 Nf6 3. Nf3 Nc6 4. Bc4 Bc5 5. Ng5 O-O 6. O-O d6 7. d3 Bg4 8. Qe1
Nd4 9. Be3 Nxc2 10. Qc1 Bxe3 11. fxe3 Nxa1 12. Qxa1 Nh5 13. h3 Qxg5 14. hxg4
Qxg4 15. Nb5 c6 16. Nc7 Rac8 17. Bb3 Rxc7 18. Bd1 Qh4 19. Bxh5 Qxh5 20. Qe1 f5
21. exf5 Rxf5 22. Rxf5 Qxf5 23. d4 Re7 24. dxe5 Rxe5 25. Qg3 Qb1+ 26. Kh2 Qxa2
27. Qh4 Re8 28. Qh5 Rxe3 29. g4 Qxb2+ 30. Kg1 Re1# 0-1

[Event "aut_ychg10 Mattersburg"]
[Site "?"]
[Date "2007.??.??"]
[Round "1.3"]
[White "Kogler, Alexandra"]
[Black "Steindl, Eva Maria"]
[Result "1-0"]
[WhiteElo "1357"]
[BlackElo "1200"]
[PlyCount "79"]
[EventDate "2007.05.18"]

1. d4 d5 2. c4 Nf6 3. Nc3 Bf5 4. Nf3 Nc6 5. Bf4 e6 6. e3 Bd6 7. Bg5 h6 8. Bh4
O-O 9. Bd3 Bxd3 10. Qxd3 Qd7 11. Bxf6 gxf6 12. c5 Nb4 13. Qb1 Be7 14. a3 Nc6
15. b4 Rad8 16. O-O f5 17. b5 Na5 18. Ne5 Qe8 19. Qb4 b6 20. Qb2 f6 21. Nd3 Rf7
22. a4 Rg7 23. Nf4 e5 24. Ne6 Rh7 25. Nxd8 Bxd8 26. Nxd5 Qg6 27. g3 Nc4 28. Qc2
Na5 29. Rac1 Rg7 30. cxb6 axb6 31. Rfd1 f4 32. Qxg6 Rxg6 33. Nxc7 Nb3 34. Rc3
Na5 35. dxe5 fxe5 36. Rxd8+ Kf7 37. Na6 fxe3 38. fxe3 Rf6 39. Rc7+ Kg6 40. Rg8+
1-0

[Event "aut_ychg10 Mattersburg"]
[Site "?"]
[Date "2007.??.??"]
[Round "1.4"]
[White "Vogel, Doris"]
[Black "Toldo, Theresa"]
[Result "0-1"]
[WhiteElo "1200"]
[BlackElo "1345"]
[PlyCount "34"]
[EventDate "2007.05.18"]

1. e4 e5 2. Nf3 Nc6 3. Bc4 Nf6 4. Ng5 Qe7 5. Nxf7 Rg8 6. Ng5 Rh8 7. Bf7+ Kd8 8.
O-O h6 9. Bc4 hxg5 10. Nc3 d6 11. d3 Bg4 12. Qe1 Nd4 13. Bb5 Nxc2 14. Qd2 Nxa1
15. Ba4 Qf7 16. Nb5 Qh5 17. Qa5 Qxh2# 0-1

[Event "aut_ychg10 Mattersburg"]
[Site "?"]
[Date "2007.??.??"]
[Round "2.1"]
[White "Schnegg, Anna-Lena"]
[Black "Chimenti, Lena"]
[Result "1-0"]
[WhiteElo "1402"]
[BlackElo "1321"]
[PlyCount "53"]
[EventDate "2007.05.18"]

1. e4 e5 2. Nf3 Nc6 3. d4 d5 4. exd5 e4 5. Ng5 Qxd5 6. Nc3 Qxd4 7. Qxd4 Nxd4 8.
Bb5+ c6 9. Bc4 Nxc2+ 10. Kd1 Nxa1 11. Nxf7 Bc5 12. Rf1 Bf5 13. Nxh8 Nf6 14. Nf7
Ng4 15. h3 Nxf2+ 16. Ke2 e3 17. Bxe3 Bxe3 18. Kxe3 Nd3 19. Bxd3 Bxd3 20. Kxd3
Ke7 21. Ng5 Rd8+ 22. Ke2 Nc2 23. Rf7+ Kd6 24. Rxg7 Kc5 25. Ne6+ Kd6 26. Nxd8
Nd4+ 27. Kd3 1-0

[Event "aut_ychg10 Mattersburg"]
[Site "?"]
[Date "2007.??.??"]
[Round "2.2"]
[White "Toldo, Theresa"]
[Black "Kogler, Alexandra"]
[Result "0-1"]
[WhiteElo "1345"]
[BlackElo "1357"]
[PlyCount "70"]
[EventDate "2007.05.18"]

1. e4 c5 2. Bc4 Nc6 3. Nf3 Nf6 4. Nc3 e5 5. O-O d6 6. Ng5 d5 7. exd5 Nxd5 8.
Bxd5 Qxg5 9. d3 Qg6 10. Be4 f5 11. Bd5 f4 12. Be4 Qg5 13. Nb5 Qd8 14. Qh5+ g6
15. Qf3 Bd7 16. h3 a6 17. Nc3 Bd6 18. Nd5 O-O 19. Nb6 Qxb6 20. Bd5+ Kg7 21. Bd2
Nd4 22. Qe4 Bc6 23. Bxc6 Qxc6 24. Qe1 Nxc2 25. Qe2 Nxa1 26. Rxa1 f3 27. gxf3
Qxf3 28. Qf1 Rf7 29. b4 cxb4 30. Rb1 a5 31. d4 exd4 32. Rb3 Qf5 33. Qe2 Qe5 34.
Qg4 Qh2+ 35. Kf1 Qxf2# 0-1

[Event "aut_ychg10 Mattersburg"]
[Site "?"]
[Date "2007.??.??"]
[Round "2.4"]
[White "Moser, Nadine"]
[Black "Berger, Lisa"]
[Result "0-1"]
[WhiteElo "1267"]
[BlackElo "1461"]
[PlyCount "86"]
[EventDate "2007.05.18"]

1. e4 c5 2. Nf3 d6 3. Bb5+ Bd7 4. Nc3 a6 5. Ba4 b5 6. Bb3 c4 7. Bxc4 bxc4 8. d3
cxd3 9. cxd3 Nf6 10. Bg5 g6 11. a4 Bg7 12. Be3 O-O 13. O-O Nc6 14. Bb6 Qxb6 15.
b4 Nxb4 16. Rb1 Qc5 17. Qd2 Nc6 18. d4 Qa5 19. d5 Ne5 20. Nxe5 dxe5 21. Rfd1
Bxa4 22. Nxa4 Qxa4 23. Qb4 Qxb4 24. Rxb4 Rab8 25. Rdb1 Rxb4 26. Rxb4 a5 27. Ra4
Rc8 28. h3 Bh6 29. Rxa5 Bf4 30. g3 Bd2 31. Ra7 e6 32. d6 Rd8 33. Ra6 Nxe4 34.
f3 Nxg3 35. Kg2 Nf5 36. h4 Rxd6 37. Ra7 Rd8 38. h5 Bb4 39. h6 Bf8 40. f4 Bxh6
41. fxe5 Rd3 42. Ra2 Bf4 43. Kf2 Bxe5 0-1

[Event "aut_ychg10 Mattersburg"]
[Site "?"]
[Date "2007.??.??"]
[Round "2.6"]
[White "Steindl, Eva Maria"]
[Black "Vogel, Doris"]
[Result "1-0"]
[WhiteElo "1200"]
[BlackElo "1200"]
[PlyCount "77"]
[EventDate "2007.05.18"]

1. d4 d5 2. Bf4 Nf6 3. Nc3 Bf5 4. Nf3 e6 5. e3 Bb4 6. a3 Bxc3+ 7. bxc3 c6 8.
Bd3 Bxd3 9. Qxd3 Qa5 10. O-O Qd8 11. Rab1 Nh5 12. Be5 Nd7 13. Rxb7 Nxe5 14.
Nxe5 O-O 15. Nxc6 Qg5 16. g3 a6 17. Rfb1 Qg4 18. Ne7+ Kh8 19. R1b6 a5 20. Qb5
Qd1+ 21. Kg2 g5 22. Nc6 Rac8 23. Ne5 Rxc3 24. Nxf7+ Rxf7 25. Rxf7 Nf4+ 26. gxf4
Qg4+ 27. Kf1 Qh3+ 28. Ke1 Rxe3+ 29. fxe3 Qxe3+ 30. Kf1 Qc1+ 31. Kf2 Qxc2+ 32.
Ke1 Qc1+ 33. Kf2 Qd2+ 34. Kf3 Qc3+ 35. Ke2 Qc2+ 36. Kf1 Qd1+ 37. Kf2 Qd2+ 38.
Qe2 Qxf4+ 39. Rxf4 1-0

[Event "aut_ychg10 Mattersburg"]
[Site "?"]
[Date "2007.??.??"]
[Round "3.1"]
[White "Kogler, Alexandra"]
[Black "Schnegg, Anna-Lena"]
[Result "0-1"]
[WhiteElo "1357"]
[BlackElo "1402"]
[PlyCount "88"]
[EventDate "2007.05.18"]

1. d4 d5 2. c4 c6 3. Nc3 Nf6 4. Bg5 e6 5. e3 Nbd7 6. Nf3 Qa5 7. Bd3 dxc4 8.
Bxc4 Ne4 9. Qc2 Nxg5 10. Nxg5 Qxg5 11. O-O b5 12. Bd3 Bb7 13. g3 Rc8 14. Ne2 c5
15. Bxb5 cxd4 16. Qb3 Qd5 17. f3 Qxb3 18. axb3 a6 19. Bxa6 Bxa6 20. Rxa6 dxe3
21. Rd1 Nc5 22. Rb6 Rd8 23. Ra1 Rd2 24. Ra7 Be7 25. Rb8+ Bd8 26. Kf1 O-O 27. b4
Nd3 28. b5 Rxb2 29. Nc3 Bf6 30. Rxf8+ Kxf8 31. Ra8+ Ke7 32. Ra7+ Kd8 33. Ra8+
Kc7 34. Ra7+ Kb8 35. Rd7 Bxc3 36. Rd8+ Kc7 37. Rxd3 e2+ 38. Kg2 e1=Q+ 39. Kh3
Qf1+ 40. Kh4 Rxh2+ 41. Kg4 h5+ 42. Kf4 e5+ 43. Kf5 Qxd3+ 44. Kg5 Qg6# 0-1

[Event "aut_ychg10 Mattersburg"]
[Site "?"]
[Date "2007.??.??"]
[Round "3.2"]
[White "Berger, Lisa"]
[Black "Toldo, Theresa"]
[Result "0-1"]
[WhiteElo "1461"]
[BlackElo "1345"]
[PlyCount "66"]
[EventDate "2007.05.18"]

1. d4 d5 2. c4 Nf6 3. Nc3 Bf5 4. Nf3 e6 5. Bf4 Bd6 6. Be5 Bxe5 7. dxe5 Ne4 8.
cxd5 Nxc3 9. bxc3 exd5 10. e3 O-O 11. Nd4 Be4 12. Bd3 c5 13. Bxe4 dxe4 14. Nc2
Qa5 15. O-O Qxc3 16. Qb1 Nd7 17. Qxb7 Nxe5 18. Qxe4 Rae8 19. Qa4 Rd8 20. Qb3
Qd2 21. Rfd1 Qe2 22. Rxd8 Rxd8 23. Na3 Ng4 24. Rb1 Qxf2+ 25. Kh1 h6 26. Qc2
Qxe3 27. Nc4 Qd4 28. Rd1 Qf6 29. h3 Nf2+ 30. Qxf2 Qxf2 31. Rxd8+ Kh7 32. Rd2
Qf1+ 33. Kh2 Qxc4 0-1

[Event "aut_ychg10 Mattersburg"]
[Site "?"]
[Date "2007.??.??"]
[Round "3.3"]
[White "Chimenti, Lena"]
[Black "Hiebler, Laura"]
[Result "0-1"]
[WhiteElo "1321"]
[BlackElo "1203"]
[PlyCount "88"]
[EventDate "2007.05.18"]

1. e4 e5 2. Nf3 Nc6 3. Nc3 Nf6 4. Bb5 Bb4 5. Bxc6 bxc6 6. Nxe5 Bxc3 7. bxc3 Qe7
8. d4 Nxe4 9. Qe2 Nxc3 10. Qc4 Nb5 11. O-O O-O 12. Rb1 Nd6 13. Qc5 Ba6 14. Re1
Qe6 15. Bf4 Rab8 16. Nxc6 Nb7 17. Bxc7 Qxc6 18. Qxc6 dxc6 19. Bxb8 Rxb8 20. Re7
g6 21. c4 Rd8 22. Rd1 c5 23. d5 Nd6 24. Rxa7 Bxc4 25. a4 Bb3 26. Rd3 c4 27. Rf3
Re8 28. h3 Rc8 29. Rf6 Rd8 30. Rc7 Ne8 31. Rfxf7 Nxc7 32. Rxc7 Rxd5 33. Rc8+
Kg7 34. h4 Rd1+ 35. Kh2 Rc1 36. a5 c3 37. a6 c2 38. a7 Bd5 39. Rd8 Ra1 40. Rd7+
Kh6 41. g4 c1=Q 42. g5+ Kh5 43. Rxh7+ Kg4 44. f3+ Bxf3 0-1

[Event "aut_ychg10 Mattersburg"]
[Site "?"]
[Date "2007.??.??"]
[Round "3.5"]
[White "Hagspiel, Laura"]
[Black "Moser, Nadine"]
[Result "1-0"]
[WhiteElo "1200"]
[BlackElo "1267"]
[PlyCount "77"]
[EventDate "2007.05.18"]

1. e4 e5 2. Nc3 Nf6 3. Nf3 Nc6 4. Bc4 Bb4 5. Ng5 O-O 6. Bb5 a6 7. Bxc6 dxc6 8.
d3 Bg4 9. f3 Bh5 10. g4 Bg6 11. a3 Bxc3+ 12. bxc3 b5 13. h4 Nxg4 14. fxg4 f6
15. Ne6 Bxe4 16. Nxd8 Bxh1 17. Ne6 Bf3 18. Qxf3 f5 19. gxf5 g6 20. fxg6 Rxf3
21. Nxc7 hxg6 22. Nxa8 a5 23. d4 b4 24. dxe5 bxa3 25. Rxa3 Rf8 26. Nc7 Rc8 27.
Na6 Ra8 28. Nc5 Kh7 29. e6 Kg7 30. e7 Kf7 31. Bg5 Re8 32. Rxa5 Kg7 33. Na6 Rc8
34. Rc5 Kf7 35. c4 Kg7 36. Nb4 Re8 37. Rxc6 Rb8 38. Na6 Rb7 39. e8=Q 1-0

[Event "aut_ychg10 Mattersburg"]
[Site "?"]
[Date "2007.??.??"]
[Round "4.1"]
[White "Schnegg, Anna-Lena"]
[Black "Hiebler, Laura"]
[Result "1-0"]
[WhiteElo "1402"]
[BlackElo "1203"]
[PlyCount "77"]
[EventDate "2007.05.18"]

1. e4 e5 2. Nf3 Nc6 3. Bc4 Bc5 4. c3 Nf6 5. d3 d6 6. a4 Bg4 7. b4 Bxb4 8. cxb4
Nxb4 9. O-O O-O 10. h3 Bxf3 11. gxf3 Nh5 12. Kh2 Qh4 13. Be3 Nc6 14. Rg1 h6 15.
Qf1 Nf4 16. Rg3 Nd4 17. Bxd4 exd4 18. Rg4 Qf6 19. Nd2 Qe5 20. Kh1 h5 21. Rg3
Rad8 22. h4 c6 23. Rg5 Qf6 24. Qe1 d5 25. e5 Qe7 26. Bb3 Nxd3 27. Qe2 Nf4 28.
Qf1 f6 29. exf6 Qxf6 30. Ne4 Qe7 31. Re1 Ne6 32. Rg6 Qxh4+ 33. Kg1 Rxf3 34.
Rxe6 Rdf8 35. Qg2 dxe4 36. R6xe4+ Kh8 37. Rxh4 R8f5 38. Re7 g5 39. Rxh5# 1-0

[Event "aut_ychg10 Mattersburg"]
[Site "?"]
[Date "2007.??.??"]
[Round "4.2"]
[White "Hagspiel, Laura"]
[Black "Kogler, Alexandra"]
[Result "1-0"]
[WhiteElo "1200"]
[BlackElo "1357"]
[PlyCount "55"]
[EventDate "2007.05.18"]

1. e4 c5 2. Nf3 Nc6 3. Nc3 e5 4. Bc4 Nf6 5. Ng5 d5 6. exd5 Nxd5 7. Bxd5 Qxg5 8.
Bxc6+ bxc6 9. d3 Qxg2 10. Rf1 Qxh2 11. Be3 Bh3 12. d4 cxd4 13. Na4 dxe3 14.
fxe3 Bxf1 15. Kxf1 Qh1+ 16. Ke2 Qxd1+ 17. Rxd1 Rd8 18. Rf1 Be7 19. b4 O-O 20.
c3 Rd7 21. Nc5 Bxc5 22. bxc5 Rfd8 23. Rb1 Rd2+ 24. Ke1 e4 25. c4 Rxa2 26. Kf1
Rdd2 27. Rb8+ Rd8 28. Rxd8# 1-0

[Event "aut_ychg10 Mattersburg"]
[Site "?"]
[Date "2007.??.??"]
[Round "4.3"]
[White "Toldo, Theresa"]
[Black "Steindl, Eva Maria"]
[Result "0-1"]
[WhiteElo "1345"]
[BlackElo "1200"]
[PlyCount "54"]
[EventDate "2007.05.18"]

1. e4 e5 2. Nf3 Bc5 3. Nxe5 d6 4. Nc4 Nf6 5. Nc3 Ng4 6. Qf3 Nc6 7. d3 O-O 8.
Be3 Be6 9. Bxc5 dxc5 10. Be2 Nd4 11. Qf4 Nxc2+ 12. Kd1 Nxa1 13. Nd5 c6 14. Nc7
Rc8 15. Nxe6 fxe6 16. Qxg4 Rxf2 17. Qxe6+ Rf7 18. Na5 b6 19. Nc4 Kf8 20. Nd6
Re7 21. Qf5+ Kg8 22. Nxc8 Rf7 23. Qe6 h6 24. Bh5 Qxd3+ 25. Ke1 Qe3+ 26. Kd1
Qd3+ 27. Kc1 Qc2# 0-1

[Event "aut_ychg10 Mattersburg"]
[Site "?"]
[Date "2007.??.??"]
[Round "4.4"]
[White "Vogel, Doris"]
[Black "Berger, Lisa"]
[Result "0-1"]
[WhiteElo "1200"]
[BlackElo "1461"]
[PlyCount "64"]
[EventDate "2007.05.18"]

1. e4 c5 2. Nf3 d6 3. d4 Nc6 4. dxc5 dxc5 5. Bd2 Nf6 6. Bd3 g6 7. O-O Bg7 8.
Qc1 O-O 9. Bh6 Nd4 10. Bxg7 Kxg7 11. Ng5 Qc7 12. Qe3 b6 13. e5 Nd5 14. Qg3 Nb4
15. Qh4 h6 16. Re1 Nbxc2 17. Re4 hxg5 18. Qxg5 Nxa1 19. Rh4 Rh8 20. Rxh8 Kxh8
21. Qh6+ Kg8 22. h4 Bf5 23. Bxf5 Nxf5 24. Qg5 Qxe5 25. h5 Rd8 26. Nc3 Qf6 27.
Qc1 gxh5 28. Ne4 Qg6 29. Qc4 Rd4 30. Qa6 Rxe4 31. Qxa7 Qd6 32. Kf1 Qd1# 0-1

[Event "aut_ychg10 Mattersburg"]
[Site "?"]
[Date "2007.??.??"]
[Round "5.1"]
[White "Steindl, Eva Maria"]
[Black "Schnegg, Anna-Lena"]
[Result "0-1"]
[WhiteElo "1200"]
[BlackElo "1402"]
[PlyCount "82"]
[EventDate "2007.05.18"]

1. d4 d5 2. Bf4 c6 3. Nc3 Nf6 4. Nf3 e6 5. e3 Bd6 6. Bxd6 Qxd6 7. Be2 Nbd7 8.
O-O O-O 9. Qd3 e5 10. Rad1 e4 11. Qd2 exf3 12. Bxf3 Nb6 13. Qd3 Ng4 14. Bxg4
Bxg4 15. Rc1 Rfe8 16. h3 Bh5 17. Rfe1 Bg6 18. Qd2 Rab8 19. a3 Nc4 20. Qd1 Nxb2
21. Qe2 Nc4 22. a4 Qb4 23. Na2 Qxa4 24. Ra1 Qxc2 25. Qf3 b5 26. Nb4 Nd2 27. Qf4
Qc3 28. Rxa7 Qxb4 29. Rea1 Rbc8 30. R1a6 c5 31. Rb7 Qb1+ 32. Kh2 Nf1+ 33. Kh1
Nxe3+ 34. Kh2 Nxg2 35. Kxg2 Qe4+ 36. Kg3 Qxd4 37. Qd6 c4 38. Qd7 Qe5+ 39. Kg2
Be4+ 40. Kg1 Qg5+ 41. Kf1 Bd3# 0-1

[Event "aut_ychg10 Mattersburg"]
[Site "?"]
[Date "2007.??.??"]
[Round "5.2"]
[White "Berger, Lisa"]
[Black "Hagspiel, Laura"]
[Result "1-0"]
[WhiteElo "1461"]
[BlackElo "1200"]
[PlyCount "109"]
[EventDate "2007.05.18"]

1. d4 d5 2. c4 dxc4 3. e4 e5 4. Nf3 Nf6 5. Nc3 Nc6 6. Be3 Bd7 7. Bxc4 Bd6 8.
Ng5 O-O 9. d5 Nb4 10. a3 Nc2+ 11. Qxc2 h6 12. Nf3 Rc8 13. Nb5 Bxb5 14. Bxb5 a6
15. Ba4 b5 16. Bb3 Rb8 17. O-O Re8 18. Bd2 c5 19. a4 bxa4 20. Bxa4 Re7 21. Qc3
Nxe4 22. Qa5 Rb6 23. Bc1 c4 24. Qe1 f5 25. Bc2 Bb4 26. Bd2 Bxd2 27. Nxd2 Nd6
28. Qe2 Qf8 29. Nxc4 Nb7 30. Nxb6 Qf6 31. Qe3 Rf7 32. Na4 Qg5 33. Bb3 Rf6 34.
h4 Qh5 35. Bd1 Qg6 36. Bc2 Nd6 37. Qc3 Qh5 38. g3 Qg4 39. Qxe5 Rg6 40. Bd1 Qh3
41. Bf3 a5 42. Bg2 Qg4 43. f3 Qc4 44. Rfc1 Qd3 45. Nc5 Qb5 46. h5 Rf6 47. g4
fxg4 48. fxg4 Nf7 49. Bf1 Qb6 50. Qe8+ Kh7 51. Bd3+ Rf5 52. Bxf5+ g6 53. hxg6+
Kg7 54. Qxf7+ Kh8 55. Qh7# 1-0

[Event "aut_ychg10 Mattersburg"]
[Site "?"]
[Date "2007.??.??"]
[Round "5.3"]
[White "Hiebler, Laura"]
[Black "Kogler, Alexandra"]
[Result "0-1"]
[WhiteElo "1203"]
[BlackElo "1357"]
[PlyCount "63"]
[EventDate "2007.05.18"]

1. e4 c5 2. Nf3 Nc6 3. Nc3 e5 4. Bc4 d6 5. d3 Bg4 6. Bg5 Bxf3 7. Qxf3 f6 8. O-O
Nd4 9. Qh3 fxg5 10. Nd5 Qd7 11. Qh5+ g6 12. Qxg5 Be7 13. Nxe7 Qxe7 14. Qxe7+
Nxe7 15. c3 b5 16. Bd5 Nxd5 17. exd5 Nf5 18. Rae1 O-O 19. f4 Rae8 20. g4 Ng7
21. fxe5 Rxf1+ 22. Rxf1 Rxe5 23. c4 a6 24. Rf6 Re1+ 25. Kg2 Re2+ 26. Kh3 Rxb2
27. Rxd6 Ne8 28. Rd8 Re2 29. d6 Kf7 30. Rd7+ Kf6 31. Rg7 Nxg7 32. d7 0-1

[Event "aut_ychg10 Mattersburg"]
[Site "?"]
[Date "2007.??.??"]
[Round "5.4"]
[White "Chimenti, Lena"]
[Black "Toldo, Theresa"]
[Result "1-0"]
[WhiteElo "1321"]
[BlackElo "1345"]
[PlyCount "43"]
[EventDate "2007.05.18"]

1. e4 e5 2. Nf3 Nc6 3. Bb5 Nf6 4. Nc3 d5 5. exd5 Nxd5 6. d4 Bf5 7. dxe5 Bc5 8.
Qxd5 O-O 9. O-O Ne7 10. Qxc5 Bxc2 11. Bg5 b6 12. Qb4 Qc8 13. Bxe7 Re8 14. Bxe8
Bd3 15. Bc6 Rb8 16. Rfd1 Bf5 17. Rd8+ Qxd8 18. Bxd8 Rxd8 19. Nh4 Bd3 20. Rd1 h6
21. Be4 Re8 22. Rxd3 1-0

[Event "aut_ychg10 Mattersburg"]
[Site "?"]
[Date "2007.??.??"]
[Round "5.6"]
[White "Moser, Nadine"]
[Black "Vogel, Doris"]
[Result "0-1"]
[WhiteElo "1267"]
[BlackElo "1200"]
[PlyCount "36"]
[EventDate "2007.05.18"]

1. e4 e5 2. Nf3 Nc6 3. Nc3 Bc5 4. Bb5 a6 5. Bxc6 bxc6 6. O-O Nf6 7. d4 exd4 8.
Nxd4 Bxd4 9. Bg5 h6 10. Nd5 cxd5 11. Bxf6 Qxf6 12. exd5 d6 13. Re1+ Kf8 14. Qd2
Qg6 15. Qe2 Kg8 16. c3 Bb7 17. cxd4 Bxd5 18. Qe3 Qxg2# 0-1

[Event "aut_ychg10 Mattersburg"]
[Site "?"]
[Date "2007.??.??"]
[Round "6.1"]
[White "Schnegg, Anna-Lena"]
[Black "Berger, Lisa"]
[Result "1/2-1/2"]
[WhiteElo "1402"]
[BlackElo "1461"]
[PlyCount "52"]
[EventDate "2007.05.18"]

1. e4 c5 2. Nf3 d6 3. d4 cxd4 4. Nxd4 Nf6 5. Nc3 g6 6. Be3 Bg7 7. Bc4 O-O 8.
O-O Nc6 9. f3 e5 10. Nxc6 bxc6 11. Qd2 Re8 12. Rad1 Bf8 13. Bc5 Bb7 14. Bxd6
Bxd6 15. Qxd6 Qxd6 16. Rxd6 Kg7 17. f4 Rad8 18. fxe5 Rxd6 19. exd6 Rd8 20. e5
Nd5 21. Nxd5 cxd5 22. Bb5 Bc8 23. Bc6 d4 24. Bd5 Rf8 25. c4 f5 26. e6 Bxe6
1/2-1/2

[Event "aut_ychg10 Mattersburg"]
[Site "?"]
[Date "2007.??.??"]
[Round "6.2"]
[White "Kogler, Alexandra"]
[Black "Chimenti, Lena"]
[Result "0-1"]
[WhiteElo "1357"]
[BlackElo "1321"]
[PlyCount "48"]
[EventDate "2007.05.18"]

1. d4 d5 2. c4 Nf6 3. Nc3 dxc4 4. e3 Nc6 5. Bxc4 e5 6. d5 Nb4 7. e4 Bg4 8. Qa4+
c6 9. Qb3 cxd5 10. Bxd5 Nbxd5 11. Nxd5 Be6 12. Nxf6+ Qxf6 13. Qd3 Bb4+ 14. Bd2
Bxd2+ 15. Qxd2 O-O 16. Nf3 Rad8 17. Qa5 Qf4 18. Qxe5 Qxe5 19. Nxe5 f6 20. Nf3
Bc4 21. b3 Bd3 22. e5 fxe5 23. Rd1 Ba6 24. Rxd8 Rxd8 {
Hier geschah der unmoegliche Zug o-o. Schwarz gewann nach 50 Zuegen.} 0-1

[Event "aut_ychg10 Mattersburg"]
[Site "?"]
[Date "2007.??.??"]
[Round "6.3"]
[White "Steindl, Eva Maria"]
[Black "Hagspiel, Laura"]
[Result "1-0"]
[WhiteElo "1200"]
[BlackElo "1200"]
[PlyCount "87"]
[EventDate "2007.05.18"]

1. d4 d5 2. Bf4 Bf5 3. Nc3 Nf6 4. Nf3 Nc6 5. Nb5 e6 6. Nxc7+ Ke7 7. Nxa8 Qxa8
8. e3 Bg4 9. Be2 Ke8 10. O-O Bb4 11. h3 Bxf3 12. Bxf3 Qd8 13. c3 Bd6 14. Bxd6
Qxd6 15. Qd3 Rf8 16. Qb5 a6 17. Qxb7 Nd8 18. Qc8 a5 19. a4 g5 20. Be2 h5 21.
Bb5+ Ke7 22. Qb8 Qxb8 23. Ra3 g4 24. Re1 gxh3 25. gxh3 Qd6 26. Rb3 e5 27. Be2
exd4 28. cxd4 Qe6 29. Rb5 Qe4 30. f3 Qh4 31. Rc1 Rg8+ 32. Kf1 Qg3 33. Rc7+ Nd7
34. Rxd5 Ke6 35. Rcxd7 Nc6 36. R7d6+ Ke7 37. Rxc6 Qxh3+ 38. Ke1 Qh2 39. Rxa5 h4
40. Ra7+ Kd8 41. Rb6 h3 42. d5 f5 43. d6 Re8 44. Rb8# 1-0

[Event "aut_ychg10 Mattersburg"]
[Site "?"]
[Date "2007.??.??"]
[Round "6.6"]
[White "Toldo, Theresa"]
[Black "Moser, Nadine"]
[Result "0-1"]
[WhiteElo "1345"]
[BlackElo "1267"]
[PlyCount "78"]
[EventDate "2007.05.18"]

1. e4 e5 2. Nf3 Nc6 3. Bc4 Nf6 4. Ng5 Qe7 5. Nxf7 Rg8 6. Nd6+ cxd6 7. Bxg8 Qd8
8. Bc4 b6 9. Nc3 Na5 10. Bd3 d5 11. exd5 Bb7 12. Be4 Bb4 13. d3 Nxd5 14. O-O
Nf6 15. Bg5 Bxc3 16. bxc3 Qc8 17. Bf5 Qc5 18. Bh3 d6 19. Qf3 Qc7 20. Bxf6 Bxf3
21. gxf3 Kf7 22. Bh4 Kf8 23. Rfe1 Nc6 24. Re4 Qf7 25. Rc4 Ne7 26. Rc7 Qg6+ 27.
Kf1 Nd5 28. Rd7 Nf4 29. Be7+ Ke8 30. Rxd6 Nxh3 31. Rxg6 hxg6 32. Bd6 Rc8 33.
Re1 Rxc3 34. Bxe5 Rxc2 35. Bxg7+ Kf7 36. Bd4 Nf4 37. Re4 g5 38. Re5 a6 39. Rxg5
Rc1# 0-1

[Event "aut_ychg10 Mattersburg"]
[Site "?"]
[Date "2007.??.??"]
[Round "7.1"]
[White "Vogel, Doris"]
[Black "Schnegg, Anna-Lena"]
[Result "0-1"]
[WhiteElo "1200"]
[BlackElo "1402"]
[PlyCount "38"]
[EventDate "2007.05.18"]

1. e4 c5 2. Nf3 d6 3. d4 cxd4 4. Nxd4 Nf6 5. Nc3 g6 6. Be2 Bg7 7. O-O O-O 8.
Be3 Nc6 9. Nxc6 bxc6 10. Qd2 d5 11. exd5 cxd5 12. Bh6 d4 13. Nb5 Ba6 14. Bxg7
Kxg7 15. Nxd4 Bxe2 16. Qxe2 Qxd4 17. Rad1 Qxb2 18. Ra1 Rac8 19. c4 Qxe2 0-1

[Event "aut_ychg10 Mattersburg"]
[Site "?"]
[Date "2007.??.??"]
[Round "7.2"]
[White "Berger, Lisa"]
[Black "Chimenti, Lena"]
[Result "1-0"]
[WhiteElo "1461"]
[BlackElo "1321"]
[PlyCount "141"]
[EventDate "2007.05.18"]

1. d4 d5 2. c4 e6 3. Nc3 Nf6 4. Nf3 Be7 5. Bd2 O-O 6. e3 Bd7 7. Be2 dxc4 8.
Bxc4 Nc6 9. O-O a6 10. Bd3 Nb4 11. Bb1 b5 12. a3 Nbd5 13. e4 Nb6 14. Qc2 g6 15.
Qd3 Nc4 16. Bc1 c5 17. dxc5 Bxc5 18. b4 Be7 19. Bh6 Re8 20. Bc1 a5 21. bxa5
Rxa5 22. Nd1 Qc8 23. Bb2 Nxb2 24. Nxb2 b4 25. Nc4 Bb5 26. Rc1 bxa3 27. Ba2 Ra7
28. Qd4 Rd7 29. Qc3 Nxe4 30. Qc2 Qb7 31. Na5 Bd3 32. Nxb7 Bxc2 33. Rxc2 Rxb7
34. Rac1 Rb2 35. h3 Rxc2 36. Rxc2 Rd8 37. Kf1 f5 38. Ke2 f4 39. Ne5 Rb8 40. Nc6
Rb2 41. Nxe7+ Kf7 42. Rxb2 axb2 43. Kd3 Nc5+ 44. Kc2 Kxe7 45. Kxb2 Ne4 46. f3
Nf2 47. Kc2 h5 48. h4 Kf6 49. Kd2 g5 50. Ke2 Nh1 51. hxg5+ Kf5 52. g6 Kxg6 53.
Bxe6 Kg5 54. g4 Ng3+ 55. Kf2 h4 56. Kg2 Kf6 57. Bc4 Ke5 58. Kh3 Kd4 59. Bf7 Ke3
60. g5 Kxf3 61. g6 Ke2 62. g7 f3 63. g8=Q f2 64. Bc4+ Ke1 65. Qe6+ Kd2 66. Qf6
Ne4 67. Qf4+ Kc3 68. Qxe4 Kb2 69. Qe2+ Kc3 70. Qxf2 Kxc4 71. Qxh4+ 1-0

[Event "aut_ychg10 Mattersburg"]
[Site "?"]
[Date "2007.??.??"]
[Round "7.3"]
[White "Hiebler, Laura"]
[Black "Steindl, Eva Maria"]
[Result "1-0"]
[WhiteElo "1203"]
[BlackElo "1200"]
[PlyCount "29"]
[EventDate "2007.05.18"]

1. e4 e5 2. Nf3 Nc6 3. Nc3 Bc5 4. Bc4 Nf6 5. d3 O-O 6. Bg5 d6 7. O-O h6 8. Bxf6
gxf6 9. Nh4 Kh7 10. Qh5 Be6 11. Bxe6 fxe6 12. Qg6+ Kh8 13. Qxh6+ Kg8 14. Ng6
Rf7 15. Qh8# 1-0

[Event "aut_ychg10 Mattersburg"]
[Site "?"]
[Date "2007.??.??"]
[Round "7.4"]
[White "Moser, Nadine"]
[Black "Kogler, Alexandra"]
[Result "0-1"]
[WhiteElo "1267"]
[BlackElo "1357"]
[PlyCount "52"]
[EventDate "2007.05.18"]

1. e4 c5 2. Nc3 Nc6 3. Nf3 e5 4. Bb5 d6 5. O-O Bg4 6. d3 h6 7. Bg5 hxg5 8.
Bxc6+ bxc6 9. h3 Bxf3 10. Qxf3 Qf6 11. Rab1 Qxf3 12. gxf3 a5 13. d4 cxd4 14.
Nb5 cxb5 15. b3 Rxh3 16. a4 b4 17. f4 gxf4 18. Kg2 Rc3 19. Rh1 Rxc2 20. Rbc1
Rxc1 21. Rxc1 Nf6 22. Rc7 Nxe4 23. f3 Nc3 24. Rc6 d3 25. Rc4 d2 26. Kh3 d1=Q
0-1